[Event "Euro Online U2300 Day 1"]
[Site "chess.com INT"]
[Date "2020.05.25"]
[Round "1"]
[White "Solovyev, Artem"]
[Black "Pavlov, Mikhail"]
[Result "0-1"]
[WhiteElo "2155"]
[BlackElo "2091"]
[WhiteFideId "14121620"]
[BlackFideId "44126573"]
[EventDate "2020.05.25"]

1. d4 Nf6 2. Bf4 c5 3. c3 d5 4. Nf3 Nc6 5. e3 e6 6. Nbd2 Bd6 7. Ne5 Qe7 8. h4
Nd7 9. Ndf3 f6 10. Nxd7 Bxd7 11. Bxd6 Qxd6 12. Bd3 O-O 13. Qc2 f5 14. O-O Rae8
15. Bb5 Nb8 16. a4 a6 17. Bd3 Nc6 18. Qb1 e5 19. dxe5 Nxe5 20. Be2 Ng4 21. Rd1
Bc6 22. g3 Rxe3 23. Qc2 Ree8 24. b4 f4 25. bxc5 Qxc5 26. Nd4 Nf6 27. g4 Ne4 28.
Rd3 Qe7 29. Rh3 Nxc3 30. Qxc3 f3 31. Bxf3 Qd7 32. Rg3 Qe7 33. Nxc6 bxc6 34. Qxc6
Qxh4 35. Qxd5+ Kh8 36. Rd1 h6 37. Be4 Rd8 38. Qb3 Rb8 39. Qe3 Rb2 40. Rd2 Rb4
41. Rd4 Rb2 42. Qd2 Rxd2 43. Rxd2 Qf6 44. Re3 Qa1+ 45. Kg2 Qxa4 46. f3 Qb4 47.
Red3 a5 48. Rd4 Qb6 49. Rd6 Qb4 50. R6d4 Qe7 51. Rd7 Qg5 52. R2d5 Qe3 53. Rxa5
Qe2+ 54. Kg3 Qe1+ 55. Kg2 Qxa5 56. Rxg7 Kxg7 57. g5 hxg5 0-1

[Event "Euro Online U2300 Day 1"]
[Site "chess.com INT"]
[Date "2020.05.25"]
[Round "1"]
[White "Panagopoulos, Nikolaos"]
[Black "Svicevic, Rastko"]
[Result "1-0"]
[WhiteTitle "FM"]
[BlackTitle "FM"]
[WhiteElo "2238"]
[BlackElo "2215"]
[WhiteFideId "4205375"]
[BlackFideId "916315"]
[EventDate "2020.05.25"]

1. e4 c5 2. Nf3 Nc6 3. Bb5 d6 4. Bxc6+ bxc6 5. e5 dxe5 6. Nxe5 Qd5 7. Nf3 Qe4+
8. Kf1 g6 9. d3 Qf5 10. Qe2 Bg7 11. h3 Nf6 12. Kg1 O-O 13. Kh2 Nd5 14. Re1 Rb8
15. Nbd2 Nf4 16. Qxe7 Be6 17. g4 Qd5 18. Ne4 Nxh3 19. Kxh3 Qh5+ 20. Kg2 Qxg4+
21. Ng3 Bd5 22. Re4 Bxe4 23. Qxe4 Qxe4 24. Nxe4 Bxb2 25. Bxb2 Rxb2 26. c4 f5 27.
Nxc5 Re8 28. Nd4 h5 29. Kg3 Kh7 30. Nce6 Kh6 31. Re1 Rd2 32. Re3 g5 33. Nxf5+
Kg6 34. Nd6 h4+ 35. Kg2 Rb8 36. Ne4 Rxa2 37. N6xg5 a5 38. Kh3 a4 39. Kg4 a3 40.
d4 Ra8 41. f4 Rg2+ 42. Kxh4 a2 43. f5+ Kxf5 44. Nd6+ Kg6 45. Re6+ Kg7 46. Nf5+
Kg8 47. Rg6+ Kf8 48. Nh7+ Ke8 49. Rxg2 a1=Q 50. Rg8+ Kd7 51. Nf6+ Ke6 52. Rxa8
Qxa8 53. Kg5 Qa7 54. d5+ cxd5 55. cxd5+ Ke5 56. Ng4+ 1-0

[Event "Euro Online U2300 Day 1"]
[Site "chess.com INT"]
[Date "2020.05.25"]
[Round "1"]
[White "Schitco, Ivan"]
[Black "Brett, Andrew R"]
[Result "1-0"]
[WhiteTitle "IM"]
[WhiteElo "2467"]
[BlackElo "2085"]
[WhiteFideId "13905465"]
[BlackFideId "416460"]
[EventDate "2020.05.25"]

1. d4 Nf6 2. c4 e6 3. g3 c5 4. Nf3 cxd4 5. Nxd4 Bb4+ 6. Bd2 Be7 7. Bg2 O-O 8.
O-O Nc6 9. Bc3 a6 10. Nd2 Qc7 11. Rc1 d6 12. Nxc6 bxc6 13. e4 Bb7 14. Qe2 Rfe8
15. e5 Nd7 16. exd6 Bxd6 17. Nf3 c5 18. Rcd1 Rad8 19. Rd3 f6 20. Rfd1 Nf8 21.
Qe1 e5 22. Ba5 Qb8 23. Bxd8 Rxd8 24. Rb3 Qc7 25. Bh3 Qc6 26. Qe2 e4 27. Ne1 g6
28. Bg2 f5 29. f4 Ne6 30. Nc2 Nd4 31. Nxd4 cxd4 32. c5 d3 33. Qd2 Bxc5+ 34. Kh1
e3 35. Rxb7 Qxb7 36. Bxb7 exd2 37. Rxd2 Be3 38. Rd1 d2 39. Bxa6 Rb8 40. Bc4+ Kf8
41. Bb3 h5 42. Kg2 g5 43. Kf3 Re8 44. Bc2 g4+ 45. Kg2 Rc8 46. Bb3 Rc7 47. h4
gxh3+ 48. Kxh3 Kg7 49. Kg2 h4 50. Kf3 Re7 51. gxh4 Kf6 52. h5 Re4 53. Bd5 Re7
54. b4 Kg7 55. Bb3 Kh6 56. Bc2 Kxh5 57. Bxf5 Kh6 58. Be4 Kg7 59. Kxe3 1-0

[Event "Euro Online U2300 Day 1"]
[Site "chess.com INT"]
[Date "2020.05.25"]
[Round "1"]
[White "Deuer, Marius"]
[Black "Chernikov, Vladimir"]
[Result "1-0"]
[BlackTitle "FM"]
[WhiteElo "2122"]
[BlackElo "2231"]
[WhiteFideId "16236432"]
[BlackFideId "14112914"]
[EventDate "2020.05.25"]

1. d4 Nf6 2. c4 e6 3. Nc3 d5 4. Bf4 c6 5. e3 Bd6 6. Bxd6 Qxd6 7. Nf3 O-O 8. Rc1
b6 9. cxd5 exd5 10. Bd3 Bg4 11. O-O Nbd7 12. h3 Bh5 13. Bf5 Rfe8 14. g4 Bg6 15.
Nh4 Rac8 16. Qf3 Rcd8 17. Rfd1 Qe7 18. Ne2 Ne4 19. Nxg6 hxg6 20. Bxe4 dxe4 21.
Qg3 Nb8 22. Nc3 Qd6 23. Qxd6 Rxd6 24. d5 Red8 25. dxc6 Rxd1+ 26. Nxd1 Nxc6 27.
Rxc6 Rxd1+ 28. Kg2 Rd2 29. Rc8+ Kh7 30. Rc7 a5 31. b3 Rxa2 32. Rb7 Rb2 33. Rxb6
a4 34. Rb4 axb3 35. Rxe4 Rb1 36. Rb4 g5 37. Rb6 f6 38. Kh2 Kg6 39. Kg2 Kf7 40.
Kf3 Ke7 41. Rb7+ Kd6 42. Rxg7 Kc6 43. Rg8 b2 44. Rb8 Kd5 45. Rb7 Kc4 46. Ke4 Kc3
47. Kf5 Rf1 48. Kxf6 Rxf2+ 49. Kxg5 Rf3 50. h4 Rxe3 51. h5 Re5+ 52. Kh4 Re4 53.
h6 Rb4 54. h7 Rxb7 55. h8=Q+ Kc2 56. Qc8+ Kd1 57. Qxb7 Ke2 58. g5 Ke3 59. g6 Kf4
60. g7 Kf5 61. g8=Q b1=Q 62. Qxb1+ Kf6 63. Qg5+ Kf7 64. Qbg6+ Kf8 65. Q5f6# 1-0

[Event "Euro Online U2300 Day 1"]
[Site "chess.com INT"]
[Date "2020.05.25"]
[Round "1"]
[White "Guindy, Esmat Susanne"]
[Black "Tsomaia, Nikoloz"]
[Result "0-1"]
[WhiteTitle "WFM"]
[WhiteElo "2131"]
[BlackElo "2240"]
[WhiteFideId "1401637"]
[BlackFideId "13611518"]
[EventDate "2020.05.25"]

1. d4 Nf6 2. c4 g6 3. g3 Bg7 4. Bg2 d6 5. Nf3 O-O 6. O-O Nbd7 7. Nc3 e5 8. e4 c6
9. Re1 Qb6 10. Na4 Qa5 11. b3 b5 12. cxb5 cxb5 13. Bd2 Qd8 14. dxe5 dxe5 15. Nc3
a6 16. Rc1 Bb7 17. a3 Qe7 18. b4 Nb6 19. Be3 Rfd8 20. Qb3 Nc4 21. Bc5 Qe6 22.
Qa2 Nd7 23. Be3 Nb8 24. h3 Nc6 25. Bc5 Nd4 26. Nxd4 exd4 27. Nd5 d3 28. Rcd1 d2
29. Re2 Bxd5 30. Rexd2 Nxd2 31. exd5 Qe2 32. Qxd2 Qxd2 33. Rxd2 Bf8 34. Bb6 Rd7
35. d6 Rc8 36. Bc7 Bxd6 37. Bxd6 Rcd8 38. Bf4 Rxd2 39. Bxd2 Rxd2 40. Bb7 Rd6 41.
Kg2 Kf8 42. Kf3 Ke7 43. Ke3 Kd7 44. f4 Kc7 45. Bf3 f6 46. g4 g5 47. fxg5 fxg5
48. Be4 h6 49. Bf3 Re6+ 50. Be4 Kd6 51. Kd4 Re7 52. Ke3 Ke5 53. Bf5 Rc7 54. Bd3
Rc3 55. Kd2 Rxa3 56. Bg6 Kd4 57. Bf5 Rxh3 58. Bc8 Rh2+ 59. Ke1 Kc3 60. Bxa6 Kxb4
61. Bc8 Kc3 62. Kd1 b4 63. Bf5 b3 64. Ke1 b2 65. Kf1 Rc2 66. Bxc2 Kxc2 0-1

[Event "Euro Online U2300 Day 1"]
[Site "chess.com INT"]
[Date "2020.05.25"]
[Round "1"]
[White "De Verdier, Michael"]
[Black "Antonica, Dragos-Andrei"]
[Result "1/2-1/2"]
[WhiteTitle "FM"]
[BlackTitle "FM"]
[WhiteElo "2291"]
[BlackElo "2301"]
[WhiteFideId "1710516"]
[BlackFideId "1246372"]
[EventDate "2020.05.25"]

1. Nf3 Nf6 2. c4 g6 3. g3 Bg7 4. Bg2 d5 5. cxd5 Nxd5 6. O-O O-O 7. Nc3 c6 8. d4
Nxc3 9. bxc3 Nd7 10. e4 Nb6 11. a4 Bg4 12. a5 Nc4 13. Qa4 b5 14. Qb4 Qd6 15. e5
Qxb4 16. cxb4 Rad8 17. Be3 Be6 18. Ng5 Bd5 19. Ne4 f6 20. exf6 exf6 21. Nc5 f5
22. Rad1 Rfe8 23. Rfe1 h6 24. Nb7 Rd7 25. Nc5 Rde7 26. Bxd5+ cxd5 27. Nd3 g5 28.
Ne5 Bxe5 29. dxe5 Rxe5 30. Kf1 a6 31. Bc1 Rxe1+ 32. Rxe1 Rxe1+ 33. Kxe1 Kf7 34.
Ke2 Kf6 35. Kd3 Ne5+ 36. Kd4 Ke6 37. f4 Nf3+ 38. Kc5 d4 39. Kb6 Kd6 40. Kxa6 Kc6
41. fxg5 hxg5 42. h4 gxh4 43. gxh4 Nxh4 44. Ka7 Kc7 45. Ka6 Nf3 46. Kxb5 d3 47.
Kc4 d2 48. Bxd2 Nxd2+ 49. Kd4 Ne4 50. Ke5 Nd6 51. b5 Kb7 52. Kf4 Kc7 53. Ke5 Kd7
54. b6 Kc6 55. Kf4 Kb7 56. Ke5 Kc6 57. Kf4 Kd7 58. b7 Kc7 59. a6 Kb8 60. Ke5
Nxb7 61. axb7 Kxb7 62. Kxf5 1/2-1/2

[Event "Euro Online U2300 Day 1"]
[Site "chess.com INT"]
[Date "2020.05.25"]
[Round "1"]
[White "Korneevets, Alexander"]
[Black "Calin, Alexandru"]
[Result "1-0"]
[WhiteTitle "IM"]
[BlackTitle "FM"]
[WhiteElo "2267"]
[BlackElo "2107"]
[WhiteFideId "13500180"]
[BlackFideId "1222961"]
[EventDate "2020.05.25"]

1. e4 d6 2. d4 Nf6 3. Nc3 Nbd7 4. g3 e5 5. Nge2 Be7 6. Bg2 O-O 7. O-O c6 8. a4
a5 9. h3 Qc7 10. Be3 Re8 11. Re1 Nf8 12. Qd2 Ne6 13. Rad1 Bf8 14. f4 exd4 15.
Nxd4 Nc5 16. Bf2 Bd7 17. g4 g6 18. Bf3 Bc8 19. Kg2 Nfd7 20. Bg3 Qb6 21. b3 Qb4
22. Na2 Qxd2+ 23. Rxd2 d5 24. exd5 Rxe1 25. Bxe1 cxd5 26. Bxd5 Nf6 27. Bf3 Bg7
28. Nb5 Be6 29. Nc7 Rb8 30. Nxe6 Nxe6 31. Bg3 Nc5 32. Re2 Nfd7 33. f5 Rc8 34.
fxg6 hxg6 35. g5 b6 36. Bd5 Nf8 37. Nc1 Nfe6 38. h4 Bf8 39. Bc4 Nd4 40. Rf2 Nf5
41. Nd3 Ne4 42. Rxf5 gxf5 43. g6 Bd6 44. gxf7+ Kg7 45. Be1 Be7 46. Nf4 Nd6 47.
Bc3+ Kh6 48. Bd2 Nxc4 49. bxc4 Kg7 50. Nd5 Rxc4 51. Nxe7 Rxc2 52. Nxf5+ Kxf7 53.
Nd6+ Ke6 54. Ne4 Rc4 55. Kf3 Rxa4 56. h5 Ra3+ 57. Kf4 Rh3 58. Ng5+ Kf6 59. Nxh3
Kg7 60. Kg5 Kh7 61. h6 b5 62. Bxa5 b4 63. Bxb4 1-0

[Event "Euro Online U2300 Day 1"]
[Site "chess.com INT"]
[Date "2020.05.25"]
[Round "1"]
[White "Junge, Kai"]
[Black "Efimenko, Maria"]
[Result "1-0"]
[BlackTitle "WIM"]
[WhiteElo "2181"]
[BlackElo "2245"]
[WhiteFideId "4605454"]
[BlackFideId "14124327"]
[EventDate "2020.05.25"]

1. Nf3 Nf6 2. g3 g6 3. Bg2 Bg7 4. O-O O-O 5. d4 d6 6. c4 Nbd7 7. Qc2 c6 8. Rd1
Qc7 9. e4 e5 10. h3 Re8 11. Be3 exd4 12. Nxd4 Nc5 13. Nc3 a5 14. b3 Qe7 15. f3
Nh5 16. Bf2 Qe5 17. f4 Qe7 18. Re1 Nxg3 19. Bxg3 Bxd4+ 20. Kh2 Qf6 21. Rac1 h5
22. Qd2 Ne6 23. e5 dxe5 24. fxe5 Qg5 25. Ne4 Qxd2 26. Nxd2 Nc5 27. Nf3 Bb2 28.
Rc2 Ba3 29. Nd4 a4 30. Rd1 axb3 31. axb3 Bb4 32. Re2 Ra3 33. Re3 Ra2 34. Kh1 Rb2
35. Ra1 Rd2 36. Nf3 Rd3 37. Rxd3 Nxd3 38. Ra8 Nc5 39. Ng5 Nxb3 40. Ne4 Rf8 41.
Nf6+ Kg7 42. Bh4 Bc3 43. Ra3 Bxe5 44. Nxh5+ gxh5 45. Rxb3 Bc7 46. Be7 Re8 47.
Bb4 Be6 48. Rf3 Bxc4 49. Bc3+ Kh7 50. Rf5 Be2 51. Rxf7+ Kg6 52. Rxc7 Re3 53. Bd4
Rd3 54. Be5 Rd1+ 55. Kh2 Rd2 56. Kg3 Bc4 57. Rxb7 h4+ 58. Kh2 Bd5 59. Rb2 Rxb2
60. Bxb2 Kf5 61. Bxd5 cxd5 62. Kg2 Ke4 63. Kf2 Kd3 64. Bf6 d4 65. Bxh4 Ke4 66.
Bg5 Kf5 67. Bd2 Kg6 68. Kg3 Kh5 69. Bc1 d3 70. Bd2 Kg6 71. Kg4 Kh7 72. Kf5 1-0

[Event "Euro Online U2300 Day 1"]
[Site "chess.com INT"]
[Date "2020.05.25"]
[Round "1"]
[White "Jusic, Zdenko"]
[Black "Kolchin, Maxim"]
[Result "1-0"]
[WhiteTitle "IM"]
[WhiteElo "2254"]
[BlackElo "1844"]
[WhiteFideId "14501902"]
[BlackFideId "34147222"]
[EventDate "2020.05.25"]

1. e4 d6 2. d4 Nf6 3. Nc3 e5 4. Nf3 Nbd7 5. g4 Nxg4 6. Rg1 h5 7. Bc4 g6 8. h3
Nh6 9. Ng5 Bg7 10. Bxf7+ Nxf7 11. Ne6 Qf6 12. Nd5 Qxe6 13. Nxc7+ Ke7 14. Nxe6
Kxe6 15. Bg5 exd4 16. c3 Nc5 17. f3 d3 18. b4 Bxc3+ 19. Kf1 Bxa1 20. bxc5 Nxg5
21. Rxg5 Be5 22. cxd6 Kf6 23. Rxe5 Kxe5 24. Qxd3 Bxh3+ 25. Kf2 Be6 26. Ke3 Kf6
27. Qc3+ Kf7 28. Qc7+ Kg8 29. Qe7 Bf7 30. e5 Re8 31. Qf6 Re6 32. d7 Rxf6 33.
d8=Q+ Kh7 34. Qxf6 Bxa2 35. Kf4 Re8 36. Kg5 Re6 37. Qf7+ Kh8 38. Qf8+ Kh7 39. f4
b5 40. Qf7+ Kh8 41. Qxa7 Bc4 42. Qd7 Kg8 43. Kh6 Kf8 44. Qd8+ Kf7 45. Kh7 h4 46.
Qxh4 Bd3 47. Qg5 Bf5 48. Kh6 Bd3 49. Qd8 Bf5 50. Qd7+ Kf8 51. Qxb5 Ke7 52. Qb7+
Ke8 53. Qc7 Re7 54. Qc6+ Kd8 55. Qd6+ Ke8 56. Kg5 Kf8 57. Qd8+ Kf7 58. Qh8 Ke6
59. Qf6+ Kd7 60. Qd6+ Ke8 61. Qb8+ Kd7 62. Qd6+ Ke8 63. Kh6 Rd7 64. Qb8+ Ke7 65.
Kg5 Ke6 66. Qb6+ Ke7 67. Qf6+ Ke8 68. e6 Re7 69. Qh8# 1-0

[Event "Euro Online U2300 Day 1"]
[Site "chess.com INT"]
[Date "2020.05.25"]
[Round "1"]
[White "Usov, Aleksandr E."]
[Black "Kalinina, Larisa"]
[Result "0-1"]
[BlackTitle "WIM"]
[WhiteElo "2069"]
[BlackElo "2131"]
[WhiteFideId "24257109"]
[BlackFideId "14106361"]
[EventDate "2020.05.25"]

1. e4 c5 2. Nf3 Nc6 3. Bb5 g6 4. Bxc6 dxc6 5. h3 Bg7 6. O-O e5 7. Nc3 Qe7 8. d3
Nf6 9. a4 a5 10. Bg5 h6 11. Bh4 O-O 12. Qd2 Kh7 13. Nd1 Qd6 14. Ne3 Be6 15. Rae1
Nh5 16. Ng4 Bxg4 17. hxg4 Nf4 18. Bg3 g5 19. Bxf4 exf4 20. e5 Qe6 21. Qe2 Qxg4
22. Qe4+ Kg8 23. e6 Qxe6 24. Qxe6 fxe6 25. Rxe6 Rae8 26. Rfe1 Rxe6 27. Rxe6 Kf7
28. Rd6 Re8 29. Rd7+ Re7 30. Rxe7+ Kxe7 31. b3 Ke6 32. Nd2 Kd5 33. Kf1 b5 34.
Ke2 g4 35. c4+ bxc4 36. bxc4+ Ke6 37. Nb3 Bc3 38. Nxc5+ Ke5 39. Ne4 Bb4 40. g3
h5 41. Ng5 f3+ 42. Kd1 Bc5 43. Ne4 Bd4 44. Kd2 c5 45. Kc2 Kf5 46. Nd6+ Ke5 47.
Ne4 h4 48. gxh4 Kf4 49. Kd2 Bxf2 50. Nxf2 g3 51. Ne4 g2 52. Ng5 Kg4 53. h5 g1=Q
54. h6 Kxg5 55. h7 Qh2+ 56. Kc3 Qxh7 57. d4 Qg7 58. Kd3 Qxd4+ 59. Kc2 f2 60. Kb3
f1=Q 61. Ka3 Qfa1+ 62. Kb3 Qb1+ 63. Ka3 Qda1# 0-1

[Event "Euro Online U2300 Day 1"]
[Site "chess.com INT"]
[Date "2020.05.25"]
[Round "1"]
[White "Morozov, Ivan"]
[Black "Gorsek, Gregor"]
[Result "0-1"]
[WhiteElo "2069"]
[BlackElo "2088"]
[WhiteFideId "54158931"]
[BlackFideId "14605899"]
[EventDate "2020.05.25"]

1. d4 d6 2. Nf3 g6 3. c4 Bg7 4. Nc3 Bg4 5. e4 Nc6 6. Be3 e5 7. dxe5 Nxe5 8. Be2
Bxf3 9. gxf3 Nf6 10. Qd2 O-O 11. Bh6 c6 12. Bxg7 Kxg7 13. O-O-O Qa5 14. h4 h5
15. f4 Neg4 16. Bxg4 Nxg4 17. f3 Nf6 18. Qxd6 Rad8 19. Qe5 Qxe5 20. fxe5 Nd7 21.
f4 Nc5 22. Kc2 Ne6 23. Ne2 Nc5 24. Ng3 Ne6 25. f5 Nd4+ 26. Kc3 Nf3 27. Rd6 Nxe5
28. Rhd1 Rxd6 29. Rxd6 Re8 30. b4 Kf8 31. fxg6 fxg6 32. c5 Kf7 33. Rd2 Re7 34.
Rf2+ Kg7 35. a4 Rd7 36. Rg2 Kf6 37. Ne2 Rd3+ 38. Kc2 Ra3 39. Rf2+ Kg7 40. a5 Ng4
41. Rf4 Ra2+ 42. Kd3 Ra3+ 43. Kd4 Rb3 44. Kc4 Re3 45. Nc3 a6 46. Kd4 Re1 47. e5
Nxe5 48. Ne4 Nf7 49. Nf6 Rd1+ 50. Kc3 Re1 51. Kd2 Re7 52. Kc3 Ne5 53. Ne4 Nf7
54. Nf6 Nh6 55. Ne4 Nf5 56. Ng5 Re3+ 57. Kd2 Re7 58. Kc3 Kh6 59. Ne4 Nxh4 60.
Nd6 Nf5 61. Rxf5 gxf5 62. Nxf5+ Kg5 63. Nxe7 h4 64. b5 cxb5 65. Nd5 h3 66. Ne3
h2 0-1

[Event "Euro Online U2300 Day 1"]
[Site "chess.com INT"]
[Date "2020.05.25"]
[Round "1"]
[White "Tomilova, Elena"]
[Black "Lymar, Vladislav"]
[Result "1-0"]
[WhiteTitle "WGM"]
[WhiteElo "2353"]
[BlackElo "2159"]
[WhiteFideId "4162340"]
[BlackFideId "14162180"]
[EventDate "2020.05.25"]

1. d4 Nf6 2. Bg5 Ne4 3. Bf4 d5 4. e3 g6 5. Nd2 Bf5 6. Bd3 Nxd2 7. Qxd2 Bg7 8.
Nf3 Bxd3 9. Qxd3 c6 10. O-O Nd7 11. c4 dxc4 12. Qxc4 O-O 13. Rfd1 Qa5 14. Rac1
Rfd8 15. Qb3 Qb6 16. Qa3 Re8 17. Bg3 Nf6 18. Be5 Rad8 19. h3 Rd5 20. b3 Qa5 21.
Qb2 Red8 22. Re1 Ne4 23. Bxg7 Kxg7 24. Re2 Kg8 25. Rec2 f5 26. Rc4 Qb6 27. b4 a5
28. a3 Rb5 29. Qa2 Rdd5 30. Rb1 Nd6 31. Rc5 e6 32. Ne5 axb4 33. Rxb5 Nxb5 34.
Rxb4 Qa6 35. a4 Nc3 36. Qb3 Ne4 37. Qc4 Qxc4 38. Nxc4 b5 39. Nb6 Rd8 40. axb5
cxb5 41. Rxb5 Rb8 42. Rb2 Kf7 43. Nc4 Rxb2 44. Nxb2 Kf6 45. Nd3 g5 46. f3 Nc3
47. Kf2 h5 48. Ne5 Nd5 49. Ke2 Nb4 50. Kd2 Ke7 51. e4 Kf6 52. Kc3 Na2+ 53. Kd3
Nc1+ 54. Kd2 Nb3+ 55. Kc3 Nc1 56. Kd2 Nb3+ 57. Ke3 Nc1 58. g4 fxg4 59. fxg4 h4
60. Nf3 Nb3 61. e5+ Kg6 62. Ke4 Nc1 63. d5 exd5+ 64. Kxd5 Nd3 65. Kd6 Nf4 66. e6
Nd3 67. Nxg5 Kxg5 68. e7 1-0

[Event "Euro Online U2300 Day 1"]
[Site "chess.com INT"]
[Date "2020.05.25"]
[Round "1"]
[White "Luczak, Filip"]
[Black "Can, Melih Kaan"]
[Result "1/2-1/2"]
[WhiteTitle "CM"]
[WhiteElo "2240"]
[BlackElo "2105"]
[WhiteFideId "1193686"]
[BlackFideId "6317383"]
[EventDate "2020.05.25"]

1. d4 d5 2. c4 c6 3. Nc3 Nf6 4. Nf3 a6 5. c5 Nbd7 6. Bf4 Nh5 7. Bg5 h6 8. Bh4 g5
9. Bg3 Bg7 10. e3 O-O 11. Bd3 Nxg3 12. hxg3 e5 13. Nxe5 Nxe5 14. dxe5 Qe7 15.
Bc2 Qxe5 16. Qd3 f5 17. O-O-O Be6 18. f4 Qf6 19. Rhf1 g4 20. Qd4 Rae8 21. Qxf6
Rxf6 22. Kd2 Rf7 23. Rfe1 Bc8 24. Kd3 Rfe7 25. Re2 b6 26. cxb6 a5 27. Kd2 Rb7
28. Na4 c5 29. Nxc5 Rxb6 30. b3 Rc6 31. Na4 d4 32. Bd3 dxe3+ 33. Rxe3 Rxe3 34.
Kxe3 Re6+ 35. Kd2 Rd6 36. Rc1 Ba6 37. Nc5 Bb5 38. a4 Bc6 39. Kc2 Bxg2 40. Bxf5
h5 41. Be4 Bf3 42. Rf1 Bxe4+ 43. Nxe4 Rc6+ 44. Kd3 Kf7 45. Rf2 Rb6 46. Nd2 Kg6
47. Ke4 Bc3 48. Nc4 Rxb3 49. Ne5+ Bxe5 50. Kxe5 Rxg3 51. f5+ Kf7 52. Rc2 Re3+
53. Kf4 Rf3+ 54. Kg5 g3 55. Rc7+ Ke8 56. Rc8+ Kd7 57. Rc1 g2 58. Rg1 Rf2 59. f6
h4 60. Kxh4 Rxf6 61. Rxg2 Rh6+ 62. Kg5 Rd6 63. Rc2 Rd4 64. Kf5 Rxa4 65. Ke5 Rb4
66. Kd5 a4 67. Kc5 Rb8 68. Ra2 Ra8 69. Kb4 Ke6 70. Rxa4 Rxa4+ 71. Kxa4 1/2-1/2

[Event "Euro Online U2300 Day 1"]
[Site "chess.com INT"]
[Date "2020.05.25"]
[Round "1"]
[White "Villa Izquierdo, Roberto"]
[Black "Labiano Hernandez, Juan"]
[Result "1/2-1/2"]
[WhiteElo "1962"]
[BlackElo "2158"]
[WhiteFideId "2218216"]
[BlackFideId "24556840"]
[EventDate "2020.05.25"]

1. e4 e5 2. d4 exd4 3. Qxd4 Nc6 4. Qe3 Nf6 5. Nc3 Be7 6. Bd2 O-O 7. O-O-O d5 8.
exd5 Nxd5 9. Qg3 Bh4 10. Qf3 Be6 11. Bd3 Bg5 12. Nge2 Ne5 13. Bxh7+ Kxh7 14.
Qh5+ Kg8 15. Bxg5 f6 16. Bh4 Bg4 17. Qxe5 fxe5 18. Bxd8 Nxc3 19. bxc3 Bxe2 20.
Rd2 Rxf2 21. Bxc7 Rxg2 22. Bxe5 Re8 23. Bg3 Bf3 24. Rxg2 Bxg2 25. Re1 Rxe1+ 26.
Bxe1 Bd5 27. a3 Kf7 28. Bf2 a6 29. Kd2 Ke6 30. Kd3 Kf5 31. Kd4 Bc6 32. c4 g5 33.
c3 g4 34. Bg3 Bf3 35. Bb8 Kg5 36. Bg3 Kh5 37. Be5 Kh4 38. Bg3+ Kh3 39. Be5 Kg2
40. Bg3 Kf1 41. Ke3 Bc6 42. Bh4 Bd7 43. Bg3 Be6 44. c5 Bd7 45. Bh4 Kg2 46. Bg3
Kg1 47. Bf4 Bc6 48. Bg3 Kf1 49. Bh4 Kg2 50. Bg3 Kh3 51. Kf2 Bd5 52. Bf4 Kh4 53.
Bg3+ Kg5 54. Ke3 Kf5 55. Kd4 Bc6 56. Be5 Ke6 57. Bg3 Bg2 58. Bd6 Kd7 59. Bg3 Kc6
60. Bf4 Kb5 61. Bg3 Ka4 62. Bd6 Bc6 63. Ke3 Kb3 64. Kd2 Kxa3 65. Kc2 Ka4 66. Kb2
Kb5 67. Kb3 Bd5+ 68. Kc2 Kc4 69. Kb2 Bc6 70. Bf8 a5 71. Bd6 a4 72. Be7 Kd5 73.
Bd6 b6 74. c4+ Ke6 75. Ka3 b5 76. cxb5 Bxb5 77. Kb4 Bc6 78. Bf8 Kd5 79. Bd6 Kd4
80. Ka3 Kc3 81. Be5+ Kc4 82. Bd6 Kb5 83. Bf8 Kc4 84. Bd6 Kd5 85. Bf8 Ke4 86. Bd6
Kf3 87. Be5 Kg2 88. Bd6 Kf2 89. Bg3+ Ke2 90. Bd6 Kd2 91. Bg3 Kc2 92. Bd6 Kc3 93.
Bg3 Be8 94. Bd6 Kc4 95. Bf8 Kb5 96. Bd6 Bf7 97. Bf8 Bb3 98. Bd6 Kc6 99. Bf8 Bd1
100. Bd6 Kd7 101. Bf8 Ke8 102. Bd6 Kd8 103. Bg3 Kd7 104. Bd6 Kc6 105. Bf8 Kb5
106. Bd6 Bf3 107. Bf8 Bc6 108. Bd6 Kc4 109. Be7 Kd5 110. Bd6 Ke6 111. Bf8 Bd7
112. Bd6 Kd5 113. Bf8 Bb5 114. Bd6 Bc6 115. Bf8 Be8 116. Be7 Bc6 117. Bd6 Ke6
118. Bf8 Kd5 119. Bd6 1/2-1/2

[Event "Euro Online U2300 Day 1"]
[Site "chess.com INT"]
[Date "2020.05.25"]
[Round "1"]
[White "Vukovic, Nikola"]
[Black "Eden, James"]
[Result "0-1"]
[BlackTitle "IM"]
[WhiteElo "2150"]
[BlackElo "2330"]
[WhiteFideId "14508907"]
[BlackFideId "666491"]
[EventDate "2020.05.25"]

1. d4 f5 2. g3 Nf6 3. Bg2 g6 4. Nd2 Bg7 5. e4 fxe4 6. Nxe4 Nxe4 7. Bxe4 d5 8.
Bg2 Nc6 9. c3 O-O 10. h3 Bf5 11. Ne2 Qd7 12. Nf4 e5 13. dxe5 Nxe5 14. Qxd5+ Qxd5
15. Bxd5+ Kh8 16. O-O c6 17. Bg2 Rad8 18. Be3 Nc4 19. Bxa7 Nxb2 20. a4 Bxc3 21.
a5 Nd3 22. Ra3 Nxf4 23. gxf4 Bg7 24. Rb3 Bd3 25. Rd1 Bb5 26. Rxd8 Rxd8 27. Bf3
Rf8 28. Re3 Rxf4 29. Re8+ Rf8 30. Re7 Rxf3 31. Rxb7 h5 32. Rb8+ Rf8 33. Rb7 Kg8
34. Bc5 Ra8 35. Bb4 Bc4 36. Kh2 Be5+ 37. Kg2 Bd5+ 38. f3 c5 39. Rb5 cxb4 40.
Rxd5 Bc3 41. Rb5 Kf7 42. f4 Rd8 43. Kf3 Rd2 44. a6 Ra2 45. Rb6 Bf6 46. Rb7+ Be7
47. a7 b3 48. Ke4 b2 49. Rxb2 Rxa7 50. Rb5 Ra3 51. f5 g5 52. f6 Kxf6 53. Rb6+
Kg7 54. Kf5 Rxh3 55. Rb7 Kf7 56. Rc7 Rf3+ 57. Ke4 Rf1 58. Ke3 h4 59. Ke2 Rf6 60.
Rc4 h3 61. Rc3 h2 62. Rh3 Bd6 63. Rh7+ Kg6 64. Rh8 g4 65. Rh4 g3 66. Rh8 g2 67.
Rg8+ Kf7 68. Rxg2 h1=Q 0-1

[Event "Euro Online U2300 Day 1"]
[Site "chess.com INT"]
[Date "2020.05.25"]
[Round "1"]
[White "Ceres, Dragos"]
[Black "Mikadze, Miranda"]
[Result "0-1"]
[WhiteTitle "FM"]
[BlackTitle "WGM"]
[WhiteElo "2244"]
[BlackElo "2269"]
[WhiteFideId "13905864"]
[BlackFideId "13603108"]
[EventDate "2020.05.25"]

1. e4 c6 2. Nc3 d5 3. Qf3 dxe4 4. Nxe4 Nf6 5. Bc4 Nbd7 6. d4 Nb6 7. Nxf6+ gxf6
8. Bd3 Qxd4 9. h3 Be6 10. Ne2 Qd7 11. Bf4 Bd5 12. Qg3 e5 13. Bxe5 Be7 14. Bc3
O-O-O 15. O-O-O Rhg8 16. Qf4 Bd6 17. Qxf6 Rxg2 18. Bf5 Be6 19. Bxe6 Qxe6 20.
Qxe6+ fxe6 21. Nd4 Bf4+ 22. Kb1 e5 23. Ne6 Rxd1+ 24. Rxd1 Nd5 25. Be1 b5 26. a4
b4 27. c4 bxc3 28. bxc3 Rg1 29. Kc2 Rg2 30. Kd3 Rg6 31. Nxf4 exf4 32. Ke4 Rh6
33. c4 Nb6 34. Kxf4 Rxh3 35. a5 Nxc4 36. Rc1 Kb7 37. Kg4 Rh1 38. Kf3 Nxa5 39.
Kg2 Rh5 40. Rb1+ Kc8 41. Bd2 Nc4 42. Bf4 Nb6 43. Ra1 Kb7 44. Re1 Nd5 45. Bg3 Rg5
46. Kf3 a5 47. Rb1+ Ka6 48. Rh1 Rg7 49. Rh6 Kb5 50. Ke4 Re7+ 51. Kd3 a4 52. Bd6
Rf7 53. Ke2 Nf4+ 54. Kd2 Nd5 55. Rh5 Rxf2+ 56. Kd3 Rf3+ 57. Ke4 Rf6 58. Be5 Rf7
59. Rh1 Re7 60. Rb1+ Nb4 61. Kd4 c5+ 62. Ke4 a3 63. Kf5 a2 64. Ra1 Ra7 65. Rc1
Nd3 66. Ra1 Nxe5 67. Kxe5 Kb4 68. Kd5 Kb3 69. Kxc5 Kb2 70. Rxa2+ Kxa2 71. Kd5 h5 0-1